Quarterly market report. - January - October 1994 (Record no. 91970)

MARC details
000 -LEADER
fixed length control field 00721cam a2200265 4500
001 - CONTROL NUMBER
control field J1994
008 - FIXED-LENGTH DATA ELEMENTS--GENERAL INFORMATION
fixed length control field 090401t1994 xxu||||| |||| 00| 0 eng d
035 ## - SYSTEM CONTROL NUMBER
System control number (Sirsi) u46665
041 ## - LANGUAGE CODE
Language code of text/sound track or separate title eng
050 ## - LIBRARY OF CONGRESS CALL NUMBER
Classification number 332.6324
110 ## - MAIN ENTRY--CORPORATE NAME
Corporate name or jurisdiction name as entry element Healey and Baker
9 (RLIN) 1907
245 ## - TITLE STATEMENT
Title Quarterly market report. - January - October 1994
260 ## - PUBLICATION, DISTRIBUTION, ETC.
Place of publication, distribution, etc. London
Name of publisher, distributor, etc. Healey and Baker
Date of publication, distribution, etc. 1994
300 ## - PHYSICAL DESCRIPTION
Extent 4 pt. ; 30cm.
350 ## - PRICE (NR) (BK AM CF MU VM SE) [OBSOLETE]
Price 0
650 ## - SUBJECT ADDED ENTRY--TOPICAL TERM
Topical term or geographic name entry element PROPERTY-COMMERCIAL PROPERTY
650 ## - SUBJECT ADDED ENTRY--TOPICAL TERM
Topical term or geographic name entry element INDUSTRIAL PROPERTY
650 ## - SUBJECT ADDED ENTRY--TOPICAL TERM
Topical term or geographic name entry element OFFICES
650 ## - SUBJECT ADDED ENTRY--TOPICAL TERM
Topical term or geographic name entry element PROPERTY INVESTMENT
650 ## - SUBJECT ADDED ENTRY--TOPICAL TERM
Topical term or geographic name entry element SHOPS
650 ## - SUBJECT ADDED ENTRY--TOPICAL TERM
Topical term or geographic name entry element YIELDS
690 ## - LOCAL SUBJECT ADDED ENTRY--TOPICAL TERM (OCLC, RLIN)
Topical term or geographic name as entry element PROPERTY-COMMERCIAL PROPERTY-COMMERCIAL PROPERTY FINANCE AND INVESTMENT
942 ## - ADDED ENTRY ELEMENTS (KOHA)
Suppress in OPAC 0
948 ## - LOCAL PROCESSING INFORMATION (OCLC); SERIES PART DESIGNATOR (RLIN)
c (OCLC) 04/03/1997
Holdings
Withdrawn status Lost status Source of classification or shelving scheme Damaged status Not for loan Home library Current library Shelving location Date acquired Total Checkouts Full call number Barcode Date last seen Copy number Price effective from Koha item type
    Dewey Decimal Classification     London London Property market reports 18/01/1994   PROPERTY MARKET REPORTS 30040545 06/08/2019 1 06/08/2019 Reference material
    Dewey Decimal Classification     London London Property market reports 21/04/1994   PROPERTY MARKET REPORTS 30041376 06/08/2019 2 06/08/2019 Reference material
    Dewey Decimal Classification     London London Property market reports 26/07/1994   PROPERTY MARKET REPORTS 30042182 06/08/2019 3 06/08/2019 Reference material
    Dewey Decimal Classification     London London Property market reports 14/10/1994   PROPERTY MARKET REPORTS 30042780 06/08/2019 4 06/08/2019 Reference material